000 00230nam a2200097Ia 4500
008 190216s9999||||xx |||||||||||||| ||und||
100 _aNull
245 0 _aHindi-Aat Achi Kahaniyam
260 _bBharathy Sahithya Mandir
942 _cBK
999 _c16973
_d16973